| 000 | 00612nam a22001937a 4500 | ||
|---|---|---|---|
| 005 | 20251108165248.0 | ||
| 008 | 250721s1986 xx 000 0 ara d | ||
| 082 | 1 | 4 | _a823.09/ألن |
| 100 | 1 | _aألن، والتر | |
| 245 | 1 | 0 | _aالرواية الإنجليزية / |
| 264 | 1 |
_aالقاهرة : _bالهيئة المصرية العامة للكتاب، _c1986. |
|
| 300 | _a375ص | ||
| 650 | 1 | 7 | _aالقصص الإنجليزية |
| 650 | 1 | 7 | _aالتاريخ الأدبي |
| 650 | 1 | 7 | _aالنقد الأدبي |
| 700 | 1 |
_aجرجس، صفوت عزيز _eترجمة |
|
| 942 |
_2ddc _cBK |
||
| 999 |
_c23548 _d23548 |
||